000 02005cam a2200433 a 4500
999 _c330919
_d330919
001 17298465
003 NUST
005 20200930103357.0
008 120515s2013 enka b 001 0 eng d
010 _a 2012939735
015 _aGBB296847
_2bnb
016 7 _a016177118
_2Uk
020 _a9781446252536 (hbk.)
020 _a9781446252536 (pbk.)
035 _a(OCoLC)ocn811731545
038 _aAZHAR
040 _aUKMGB
_beng
_cUKMGB
_dOCLCO
_dYDXCP
_dCDX
_dYNK
_dBWX
_dAU@
_dIBS
_dIUL
_dDLC
042 _alccopycat
050 0 0 _aBF637.C6
_bM39 2013
082 0 4 _a361.06 MEA
_223
100 1 _aMearns, Dave.
_94113
245 1 0 _aPerson-centred counselling in action /
_cDave Mearns and Brian Thorne with John McLeod.
246 3 _aPerson-centered counselling in action
250 _a4th ed.
260 _aLondon ;
_aThousand Oaks, Calif. :
_bSAGE,
_cc2013.
300 _ax, 228 p. :
_bill. ;
_c24 cm.
490 1 _aSAGE counselling in action
500 _aPrevious ed.: published as by Dave Mearns and Brian Thorne. 2007.
504 _aIncludes bibliographical references (p. [208]-223) and indexes.
505 0 _aBasic theory of the person-centred approach -- Recent developments in person-centred theory -- The counsellor's use of the self -- Empathy -- Unconditional positive regard -- Congruence -- 'Beginnings' -- 'Middles' -- 'Endings' -- Reseach on person-centred counselling.
520 _aThis important Fourth Edition maintains the book's accessibility, clarity and verve whilst incorporating new developments in the approach. John McLeod joins authors Dave Mearns and Brian Thorne to contribute an exciting new chapter on research relevant to the person-centred field.
650 0 _aCounseling.
_94000
700 1 _aThorne, Brian,
_d1937-
_94114
700 1 _aMcLeod, John,
_d1951-
_94115
830 0 _aCounselling in action.
_94116
906 _a7
_bcbc
_ccopycat
_d2
_encip
_f20
_gy-gencatlg
942 _2ddc
_cBK